[Event "Titled Tuesday intern op 04th Oct Early"]
[Site "Chess.com INT"]
[Date "2022.10.04"]
[Round "3"]
[White "Flis, Pawel"]
[Black "Silva, Kevin Ranidu"]
[Result "0-1"]
[WhiteElo "1936"]
[BlackElo "1788"]
[PlyCount "100"]
[EventDate "2022.10.04"]
[EventType "swiss (blitz)"]
[EventRounds "11"]
[EventCountry "USA"]
[SourceTitle "EXT 2023"]
[Source "ChessBase"]
[SourceDate "2022.10.05"]
[SourceVersion "1"]
[SourceVersionDate "2022.10.05"]
[SourceQuality "1"]

1. Nf3 d5 2. g3 Nf6 3. Bg2 e6 4. 0-0 c5 5. d3 Nc6 6. Nbd2 Bd6 7. e4 0-0 8. Qe2 Be7 9. e5 Nd7 10. h4 b5 11. Re1 Bb7 12. Nf1 Qb6 13. N1h2 Rfc8 14. Bf4 Qd8 15. Ng4 Qf8 16. h5 h6 17. c3 b4 18. Rab1 Ba6 19. Qe3 Kh7 20. d4 Rab8 21. Rec1 Na5 22. Nd2 c4 23. Bxd5 exd5 24. e6 Nf6 25. Ne5 Rb6 26. exf7 Bd6 27. Qf3 Bxe5 28. Bxe5 Qxf7 29. Bf4 Qxh5 30. Qxh5 Nxh5 31. Be5 Nc6 32. Nf3 Rf8 33. Kg2 Nf6 34. Bd6 Re8 35. Bc5 Rb7 36. Re1 Rxe1 37. Rxe1 bxc3 38. bxc3 Ne4 39. Rc1 Rb2 40. Rf1 Nxc3 41. Ne5 Nd8 42. Kf3 Ne4 43. Nd7 Nd2+ 44. Kg2 Nxf1 45. Kxf1 c3+ 46. Kg2 Ne6 47. Ba3 Rxa2 48. Nf8+ Nxf8 49. Bxf8 c2 50. Ba3 Rxa3 0-1

[Event "Titled Tuesday intern op 04th Oct Early"]
[Site "Chess.com INT"]
[Date "2022.10.04"]
[Round "5"]
[White "Sharapov, Evgeny"]
[Black "Silva, Kevin Ranidu"]
[Result "1-0"]
[WhiteElo "2375"]
[BlackElo "1788"]
[PlyCount "99"]
[EventDate "2022.10.04"]
[EventType "swiss (blitz)"]
[EventRounds "11"]
[EventCountry "USA"]
[SourceTitle "EXT 2023"]
[Source "ChessBase"]
[SourceDate "2022.10.05"]
[SourceVersion "1"]
[SourceVersionDate "2022.10.05"]
[SourceQuality "1"]

1. e4 e5 2. Nf3 Nc6 3. Nc3 Nf6 4. g3 Bb4 5. Bg2 0-0 6. 0-0 Bxc3 7. bxc3 Nxe4 8. Nxe5 Nxe5 9. Bxe4 d5 10. Bg2 c6 11. d3 Re8 12. Re1 Bf5 13. Bf4 Ng6 14. Be3 Qd6 15. Qd2 c5 16. f4 Rac8 17. Bf2 Nf8 18. Rxe8 Rxe8 19. Re1 Rxe1+ 20. Qxe1 h6 21. Qe5 Qxe5 22. fxe5 Nd7 23. Bxd5 b6 24. d4 Kf8 25. Bb3 Ke7 26. Kf1 f6 27. exf6+ Kxf6 28. Ke2 g5 29. Kd2 Be4 30. Ba4 Nf8 31. dxc5 bxc5 32. Bxc5 Ne6 33. Bxa7 Kf5 34. Be3 Nc7 35. c4 Kg4 36. Bd7+ Kf3 37. c5 Kg2 38. h4 Kxg3 39. hxg5 h5 40. Bd4 Kf4 41. Be3+ Kg3 42. c6 h4 43. Bc5 Nd5 44. Bd6+ Kg2 45. c7 Nxc7 46. Bxc7 h3 47. a4 h2 48. Bxh2 Kxh2 49. a5 Bb7 50. g6 1-0

[Event "Titled Tuesday intern op 27th Sep Early"]
[Site "Chess.com INT"]
[Date "2022.09.27"]
[Round "3"]
[White "Schill, William"]
[Black "Silva, Kevin Ranidu"]
[Result "0-1"]
[WhiteElo "2147"]
[BlackElo "1788"]
[PlyCount "86"]
[EventDate "2022.09.27"]
[EventType "swiss (blitz)"]
[EventRounds "11"]
[EventCountry "USA"]
[SourceTitle "CBM 210 Extra"]
[Source "ChessBase"]
[SourceDate "2022.11.30"]
[SourceVersion "1"]
[SourceVersionDate "2022.11.30"]
[SourceQuality "1"]

1. e4 e5 2. Nf3 Nc6 3. Nc3 Nf6 4. Be2 Bc5 5. Nxe5 Bxf2+ 6. Kxf2 Nxe5 7. d4 Ng6 8. e5 Ng8 9. Rf1 N8e7 10. Kg1 0-0 11. Ne4 d5 12. Ng3 c5 13. c3 Be6 14. Be3 cxd4 15. cxd4 Rc8 16. Qd2 Qb6 17. Rac1 Nc6 18. Nf5 Bxf5 19. Rxf5 Rc7 20. Rff1 Rfc8 21. Bf3 Nge7 22. Bg4 Rd8 23. h3 Ng6 24. Kh1 Na5 25. b3 Nc6 26. Bg5 Re8 27. Be3 Nf8 28. Qf2 Ne6 29. Bxe6 Rxe6 30. Qf3 Rd7 31. Rfd1 f6 32. exf6 Rxf6 33. Qg4 Rdf7 34. Bg1 Rf8 35. Qd7 Rd8 36. Qg4 Qc7 37. Rc2 Qd6 38. Rf2 Rdf8 39. Rxf6 Qxf6 40. Qd7 Qf7 41. Qxf7+ Rxf7 42. Re1 Kf8 43. Re6 Rf4 0-1

[Event "Titled Tuesday intern op 16th Aug Early"]
[Site "Chess.com INT"]
[Date "2022.08.16"]
[Round "6"]
[White "Vrbljanac, Aleksandar"]
[Black "Silva, Kevin Ranidu"]
[Result "1-0"]
[WhiteElo "2280"]
[BlackElo "1765"]
[PlyCount "99"]
[EventDate "2022.08.16"]
[EventType "swiss (blitz)"]
[EventRounds "11"]
[EventCountry "USA"]
[SourceTitle "EXT 2023"]
[Source "ChessBase"]
[SourceDate "2022.10.05"]
[SourceVersion "1"]
[SourceVersionDate "2022.10.05"]
[SourceQuality "1"]

1. e4 e5 2. Nf3 Nc6 3. Bc4 Nf6 4. d3 Be7 5. 0-0 0-0 6. a4 d5 7. exd5 Nxd5 8. Re1 Bg4 9. h3 Bh5 10. a5 a6 11. Nbd2 Bg6 12. Nxe5 Nxe5 13. Rxe5 c6 14. Qf3 Bd6 15. Re1 Nb4 16. Bb3 Qd7 17. Ne4 Rfe8 18. Bd2 Nd5 19. Re2 Nc7 20. Rae1 Ne6 21. Bc3 Kh8 22. Nf6 Qc7 23. Nxe8 Rxe8 24. Bxe6 fxe6 25. Rxe6 Rf8 26. Qe3 c5 27. g3 c4 28. Be5 Bxe5 29. Qxe5 Qf7 30. Qf4 Qxf4 31. gxf4 cxd3 32. cxd3 Kg8 33. d4 Rxf4 34. Re8+ Bxe8 35. Rxe8+ Kf7 36. Rd8 Ke7 37. Rd5 Rf3 38. Re5+ Kd6 39. Re3 Rxe3 40. fxe3 Kd5 41. Kf2 g5 42. Kf3 h6 43. b3 Kc6 44. Ke4 b6 45. axb6 Kxb6 46. d5 Kc7 47. Ke5 Kd7 48. e4 Ke7 49. Kf5 Kd6 50. Kf6 1-0

[Event "Titled Tuesday intern op 08th Feb Early"]
[Site "Chess.com INT"]
[Date "2022.02.08"]
[Round "8"]
[White "Bifulco, Michel"]
[Black "Silva, Kevin Ranidu"]
[Result "1-0"]
[WhiteElo "2274"]
[BlackElo "1904"]
[PlyCount "45"]
[EventDate "2022.02.08"]
[EventType "swiss (blitz)"]
[EventRounds "11"]
[EventCountry "USA"]
[SourceTitle "CBM 206 Extra"]
[Source "ChessBase"]
[SourceDate "2022.03.31"]
[SourceVersion "1"]
[SourceVersionDate "2022.03.31"]
[SourceQuality "1"]

1. d4 g6 2. e4 Bg7 3. Nc3 d6 4. Be3 a6 5. g4 h5 6. gxh5 Rxh5 7. Be2 Rh8 8. h4 Nf6 9. Bf3 c6 10. Qd2 Nbd7 11. 0-0-0 e5 12. Nge2 Qe7 13. Ng3 Nb6 14. b3 Nbd7 15. h5 gxh5 16. Nxh5 Nxh5 17. Bxh5 Nf6 18. Bg5 Bd7 19. dxe5 dxe5 20. f4 0-0-0 21. fxe5 Qxe5 22. Bf4 Qa5 23. Qd6 1-0

[Event "Titled Tuesday intern op 19th Oct"]
[Site "Chess.com INT"]
[Date "2021.10.19"]
[Round "2"]
[White "Bologan, Viktor"]
[Black "Silva, Kevin Ranidu"]
[Result "1-0"]
[WhiteElo "2574"]
[BlackElo "1904"]
[PlyCount "43"]
[EventDate "2021.10.19"]
[EventType "swiss (blitz)"]
[EventRounds "11"]
[EventCountry "USA"]
[SourceTitle "CBM 204 Extra"]
[Source "ChessBase"]
[SourceDate "2021.11.30"]
[SourceVersion "1"]
[SourceVersionDate "2021.11.30"]
[SourceQuality "1"]

1. e4 g6 2. d4 Bg7 3. Nc3 d6 4. f4 c5 5. dxc5 Qa5 6. Bd3 Qxc5 7. Nf3 a6 8. Bd2 Nf6 9. Qe2 Nbd7 10. e5 dxe5 11. fxe5 Ng4 12. e6 fxe6 13. Ng5 Ndf6 14. 0-0-0 Ne5 15. Be3 Qa5 16. Bc4 Nxc4 17. Qxc4 Nd5 18. Nxd5 exd5 19. Rxd5 b5 20. Qc6+ Kf8 21. Rf1+ Kg8 22. Qe8+ 1-0

[Event "Titled Tuesday intern op 05th Oct"]
[Site "Chess.com INT"]
[Date "2021.10.05"]
[Round "2"]
[White "Silva, Kevin Ranidu"]
[Black "Anuj, Shrivatri"]
[Result "1-0"]
[WhiteElo "1904"]
[BlackElo "2350"]
[PlyCount "75"]
[EventDate "2021.10.05"]
[EventType "swiss (blitz)"]
[EventRounds "11"]
[EventCountry "USA"]
[SourceTitle "CBM 204 Extra"]
[Source "ChessBase"]
[SourceDate "2021.11.30"]
[SourceVersion "1"]
[SourceVersionDate "2021.11.30"]
[SourceQuality "1"]

1. d4 Nf6 2. Nf3 d5 3. e3 e6 4. Bd3 Bd6 5. b3 0-0 6. Bb2 c5 7. Nbd2 Nc6 8. a3 b6 9. 0-0 Bb7 10. Ne5 Ne7 11. f4 Ne4 12. Nxe4 dxe4 13. Bc4 Bd5 14. Qe2 Bxe5 15. fxe5 Rc8 16. Rad1 Qc7 17. Bxd5 exd5 18. Rf2 cxd4 19. Bxd4 Nc6 20. Bb2 Rcd8 21. Rf5 Ne7 22. Rf2 Ng6 23. Qh5 Rfe8 24. Rdf1 Rd7 25. Rf5 Qxc2 26. Bd4 Rc7 27. Qg4 Qc6 28. h4 Qe6 29. Qg3 Kh8 30. h5 Nf8 31. h6 Ng6 32. hxg7+ Kg8 33. Qg5 Rec8 34. Rf6 Qe7 35. e6 fxe6 36. Rf8+ Rxf8 37. gxf8Q+ Qxf8 38. Rxf8+ 1-0

[Event "Titled Tuesday intern op 17th Aug"]
[Site "Chess.com INT"]
[Date "2021.08.17"]
[Round "4"]
[White "Silva, Kevin Ranidu"]
[Black "Kavyev, Ruslan"]
[Result "0-1"]
[WhiteElo "1904"]
[BlackElo "2306"]
[PlyCount "78"]
[EventDate "2021.08.17"]
[EventType "swiss (blitz)"]
[EventRounds "11"]
[EventCountry "USA"]
[SourceTitle "EXT 2022"]
[Source "ChessBase"]
[SourceDate "2021.10.06"]
[SourceVersion "1"]
[SourceVersionDate "2021.10.06"]
[SourceQuality "1"]

1. Nf3 Nf6 2. d4 g6 3. c4 Bg7 4. Nc3 0-0 5. e4 d6 6. Be2 e5 7. 0-0 Nc6 8. d5 Ne7 9. b4 Nh5 10. g3 f5 11. Nd2 Nf6 12. f3 f4 13. c5 fxg3 14. hxg3 Nh5 15. Kg2 g5 16. Nc4 Ng6 17. Nb5 a6 18. Nc3 Ngf4+ 19. gxf4 gxf4 20. Rh1 Qg5+ 21. Kf2 Qg3+ 22. Kf1 Bh3+ 23. Rxh3 Qxh3+ 24. Ke1 Rf6 25. Kd2 Rg6 26. Kc2 Rg2 27. Kb3 Ng3 28. Bd3 Bf8 29. cxd6 cxd6 30. a4 Rc8 31. Bb2 Qh2 32. Rb1 h5 33. b5 h4 34. Nb6 Rd8 35. bxa6 bxa6 36. a5 Rd2 37. Qe1 Rxd3 38. Rd1 Rxd1 39. Qxd1 h3 0-1

[Event "Titled Tuesday intern op 02nd Mar"]
[Site "Chess.com INT"]
[Date "2021.03.02"]
[Round "10"]
[White "Arakhamia Grant, Ketevan"]
[Black "Silva, Kevin Ranidu"]
[Result "1-0"]
[WhiteElo "2380"]
[BlackElo "1958"]
[PlyCount "89"]
[EventDate "2021.03.02"]
[EventType "swiss (blitz)"]
[EventRounds "11"]
[EventCountry "USA"]
[SourceTitle "CBM 201 Extra"]
[Source "ChessBase"]
[SourceDate "2021.05.31"]
[SourceVersion "1"]
[SourceVersionDate "2021.05.31"]
[SourceQuality "1"]

1. e4 c5 2. Nf3 d6 3. Bb5+ Nd7 4. 0-0 a6 5. Bd3 g6 6. c3 Bg7 7. Bc2 b5 8. d4 Bb7 9. Re1 Qc7 10. Nbd2 e5 11. d5 Ngf6 12. c4 h6 13. b3 0-0 14. Bb2 Nh5 15. g3 Qd8 16. Nh4 Kh7 17. Nf5 Bf6 18. Nxd6 Rb8 19. Nxb7 Rxb7 20. Bd3 Bg7 21. Be2 Nhf6 22. Bf1 Ne8 23. Qc2 Nd6 24. Bg2 Qb8 25. Bc3 b4 26. Bb2 Qd8 27. Rf1 f5 28. exf5 gxf5 29. g4 Kh8 30. gxf5 Nxf5 31. Kh1 Nh4 32. Be4 Qg5 33. Rg1 Qh5 34. f3 Nf6 35. Raf1 Nxe4 36. Qxe4 Rbf7 37. Rxg7 Kxg7 38. Bxe5+ Rf6 39. Rg1+ Kh8 40. Qf4 Nf5 41. Ne4 Kh7 42. Nxf6+ Rxf6 43. Bxf6 Qh3 44. Qc7+ Ng7 45. Qxg7# 1-0

[Event "Titled Tuesday intern op 02nd Mar"]
[Site "Chess.com INT"]
[Date "2021.03.02"]
[Round "3"]
[White "Silva, Kevin Ranidu"]
[Black "Jovic, Stanoje"]
[Result "1-0"]
[WhiteElo "1958"]
[BlackElo "2206"]
[PlyCount "101"]
[EventDate "2021.03.02"]
[EventType "swiss (blitz)"]
[EventRounds "11"]
[EventCountry "USA"]
[SourceTitle "CBM 201 Extra"]
[Source "ChessBase"]
[SourceDate "2021.05.31"]
[SourceVersion "1"]
[SourceVersionDate "2021.05.31"]
[SourceQuality "1"]

1. d4 Nf6 2. Nf3 e6 3. e3 b6 4. Bd3 Bb7 5. Nbd2 d5 6. b3 Bd6 7. Bb2 0-0 8. 0-0 Nbd7 9. c4 c5 10. Rc1 Rc8 11. Ne5 cxd4 12. exd4 dxc4 13. bxc4 Qc7 14. Qe2 Rfd8 15. f4 g6 16. Ndf3 Bxf3 17. Rxf3 Bf8 18. Re1 Nb8 19. Rg3 Bg7 20. h4 Nc6 21. d5 exd5 22. cxd5 Rxd5 23. Bc4 Rxe5 24. fxe5 Nh5 25. Rf3 Nd8 26. Bb3 Qe7 27. e6 Nxe6 28. Bxg7 Nhxg7 29. g3 h5 30. Qe5 Qc5+ 31. Qxc5 Rxc5 32. Rd3 Rc7 33. Re2 Kf8 34. Kg2 Ke7 35. Rf2 Nf5 36. Bd5 Rc5 37. Be4 b5 38. Bxf5 gxf5 39. Rfd2 a5 40. Rd7+ Kf6 41. Ra7 b4 42. Rdd7 Rc2+ 43. Kh3 Rxa2 44. Rxf7+ Ke5 45. Rfb7 Nc5 46. Rb5 Kd4 47. Rc7 Ne4 48. Rxf5 b3 49. Rb7 b2 50. Rf4 Ke3 51. Rb3+ 1-0

[Event "Titled Tuesday intern op 02nd Mar"]
[Site "Chess.com INT"]
[Date "2021.03.02"]
[Round "9"]
[White "Silva, Kevin Ranidu"]
[Black "Zhurbinsky, David J"]
[Result "1/2-1/2"]
[WhiteElo "1958"]
[BlackElo "1823"]
[PlyCount "163"]
[EventDate "2021.03.02"]
[EventType "swiss (blitz)"]
[EventRounds "11"]
[EventCountry "USA"]
[SourceTitle "CBM 201 Extra"]
[Source "ChessBase"]
[SourceDate "2021.05.31"]
[SourceVersion "1"]
[SourceVersionDate "2021.05.31"]
[SourceQuality "1"]

1. d4 Nf6 2. Nf3 e6 3. c4 Bb4+ 4. Nbd2 0-0 5. g3 d5 6. b3 c5 7. dxc5 Ne4 8. Bg2 Bxc5 9. 0-0 Nc3 10. Qe1 Nc6 11. Bb2 Ne4 12. a3 a5 13. Rd1 Qe7 14. Nxe4 dxe4 15. Qc3 f5 16. Ne5 Nxe5 17. Qxe5 Bxa3 18. Ba1 Ra6 19. f3 Qc5+ 20. Bd4 Qxe5 21. Bxe5 Bc5+ 22. Kh1 exf3 23. Bxf3 a4 24. bxa4 Rxa4 25. e4 fxe4 26. Bxe4 Rxf1+ 27. Rxf1 Rxc4 28. Bd3 Ra4 29. Bb5 Ra2 30. Rd1 Bb6 31. Rc1 Ra5 32. Rxc8+ Kf7 33. Bc4 Rxe5 34. Rb8 Re1+ 35. Kg2 Bd4 36. Rxb7+ Kf6 37. Rb3 Rc1 38. Rf3+ Ke7 39. Bd3 e5 40. Bxh7 g5 41. Be4 g4 42. Rf1 Rc3 43. Re1 Kd6 44. Bf5 Ra3 45. Bxg4 Ra2+ 46. Kf3 Rf2+ 47. Ke4 Rxh2 48. Bf5 Rf2 49. g4 Rf4+ 50. Kd3 Kc5 51. Rc1+ Kd6 52. Rb1 Rf3+ 53. Kd2 Kc5 54. Rc1+ Kd5 55. Rb1 Rf2+ 56. Kd3 Kd6 57. Be4 Rh2 58. Rb7 Ke6 59. Rc7 Kf6 60. Rc6+ Kg5 61. Rg6+ Kf4 62. Bf5 Rh3+ 63. Kc4 Rc3+ 64. Kd5 Rc5+ 65. Kd6 e4 66. Re6 e3 67. Re4+ Kf3 68. Rxd4 e2 69. Re4 Rc4 70. Rxe2 Kxe2 71. Ke6 Kf3 72. Kf6 Rc6+ 73. Kg5 Kg3 74. Bg6 Rc5+ 75. Bf5 Ra5 76. Kf6 Ra6+ 77. Be6 Kf4 78. g5 Ra5 79. g6 Rg5 80. g7 Rg1 81. Bf7 Rxg7 82. Kxg7 1/2-1/2

[Event "Titled Tuesday intern op 02nd Feb"]
[Site "Chess.com INT"]
[Date "2021.02.02"]
[Round "5"]
[White "Silva, Kevin Ranidu"]
[Black "Jain, Naveen"]
[Result "0-1"]
[WhiteElo "1958"]
[BlackElo "2032"]
[PlyCount "112"]
[EventDate "2021.02.02"]
[EventType "swiss (blitz)"]
[EventRounds "11"]
[EventCountry "USA"]
[SourceTitle "CBM 200 Extra"]
[Source "ChessBase"]
[SourceDate "2021.03.31"]
[SourceVersion "1"]
[SourceVersionDate "2021.03.31"]
[SourceQuality "1"]

1. Nf3 Nf6 2. d4 g6 3. Nc3 Bg7 4. e4 d6 5. Bc4 0-0 6. 0-0 c6 7. Bg5 b5 8. Bd3 Nbd7 9. a3 e5 10. d5 cxd5 11. Nxd5 a6 12. Qd2 Bb7 13. Nc3 Nc5 14. Rad1 Qc7 15. Rfe1 Rac8 16. h3 Ne6 17. Bh6 Nc5 18. Nh4 Nxd3 19. cxd3 Qd8 20. Nf5 gxf5 21. exf5 Bxh6 22. Qxh6 Ne8 23. Ne4 f6 24. Re3 Rc7 25. Rg3+ Rg7 26. Re1 Bxe4 27. Rxe4 Rff7 28. Rh4 Rxg3 29. fxg3 Rg7 30. g4 Qb6+ 31. Kh2 Qf2 32. g5 fxg5 33. Rg4 Qxf5 34. Qh5 Nf6 35. Qh6 Qg6 36. Qxg6 hxg6 37. Rg3 g4 38. hxg4 g5 39. Kg1 Rc7 40. Kf2 Rc2+ 41. Ke3 Kf7 42. Rf3 Ke6 43. Rf5 d5 44. Rxg5 d4+ 45. Kf3 Rxb2 46. Rg6 Kf7 47. Rh6 Rd2 48. g5 Ng8 49. Rxa6 Rxd3+ 50. Ke4 Re3+ 51. Kf5 Ne7+ 52. Kg4 d3 53. Kh5 Re4 54. g6+ Nxg6 55. Rxg6 d2 56. Rd6 Rd4 0-1

[Event "Titled Tuesday intern op 02nd Feb"]
[Site "Chess.com INT"]
[Date "2021.02.02"]
[Round "3"]
[White "Silva, Kevin Ranidu"]
[Black "Purtseladze, Maka"]
[Result "0-1"]
[WhiteElo "1958"]
[BlackElo "2274"]
[PlyCount "132"]
[EventDate "2021.02.02"]
[EventType "swiss (blitz)"]
[EventRounds "11"]
[EventCountry "USA"]
[SourceTitle "CBM 200 Extra"]
[Source "ChessBase"]
[SourceDate "2021.03.31"]
[SourceVersion "1"]
[SourceVersionDate "2021.03.31"]
[SourceQuality "1"]

1. Nf3 Nf6 2. d4 e6 3. e3 c5 4. b3 Nc6 5. Bb2 d5 6. a3 Bd6 7. Bd3 Qe7 8. Ne5 Bxe5 9. dxe5 Nd7 10. f4 0-0 11. 0-0 f5 12. c4 Nb6 13. Qc2 dxc4 14. bxc4 Rd8 15. Nc3 a6 16. Rad1 Bd7 17. Qb3 Nc8 18. Rf2 Be8 19. Rfd2 Na5 20. Qc2 Nb6 21. Be2 Nbxc4 22. Rd3 b5 23. e4 Nxb2 24. Qxb2 Nc4 25. Qa2 fxe4 26. Nxe4 Bg6 27. Rxd8+ Rxd8 28. Rxd8+ Qxd8 29. Bxc4 bxc4 30. Nd6 c3 31. Qxe6+ Kh8 32. Qc4 c2 33. f5 Qg5 34. Qxc2 Qe3+ 35. Kh1 Bh5 36. Qb1 h6 37. h3 Kh7 38. f6+ Bg6 39. Qf1 Qxe5 40. f7 Bxf7 41. Nxf7 Qf6 42. Qxf6 gxf6 43. Nd6 Kg6 44. Ne4 c4 45. Nc3 Kf5 46. Kg1 Ke5 47. Kf2 Kd4 48. Na4 Kd3 49. Kf1 Kd2 50. Kf2 c3 51. Nxc3 Kxc3 52. Kf3 Kb3 53. Kf4 Kxa3 54. Kf5 a5 55. Kxf6 a4 56. g4 Kb2 57. h4 a3 58. g5 hxg5 59. hxg5 a2 60. g6 a1Q 61. g7 Qa6+ 62. Kf7 Qb7+ 63. Kg8 Kc3 64. Kh8 Qh1+ 65. Kg8 Kd4 66. Kf8 Qf3+ 0-1

[Event "Nugegoda Sri Lanka GP 7th"]
[Site "Nugegoda"]
[Date "2020.07.11"]
[Round "2"]
[White "Silva, Kevin Ranidu"]
[Black "De Silva, LMST"]
[Result "0-1"]
[WhiteElo "2005"]
[BlackElo "2114"]
[PlyCount "102"]
[EventDate "2020.07.11"]
[EventType "tourn"]
[EventRounds "11"]
[EventCountry "SRI"]
[SourceTitle "EXT 2021"]
[Source "ChessBase"]
[SourceDate "2020.10.23"]
[SourceVersion "1"]
[SourceVersionDate "2020.10.23"]
[SourceQuality "1"]

1. d4 Nf6 2. Nf3 e6 3. c4 b6 4. g3 Bb7 5. Bg2 g6 6. 0-0 Bg7 7. Nbd2 0-0 8. Qc2 d5 9. b3 Nbd7 10. Bb2 Rc8 11. c5 c6 12. b4 Re8 13. Rfe1 e5 14. Nxe5 Nxe5 15. dxe5 Ng4 16. f4 Ne3 17. Qd3 Nxg2 18. Kxg2 Rc7 19. Bd4 b5 20. Nf3 Bc8 21. a4 Bf5 22. Qc3 bxa4 23. Rxa4 Be4 24. Kg1 Rd7 25. Nd2 Bf5 26. Rea1 Qe7 27. Ra6 Rc7 28. Nf1 h5 29. b5 cxb5 30. Qa5 Rec8 31. Qxb5 h4 32. Nd2 hxg3 33. hxg3 Bf8 34. Rc1 Bd7 35. c6 Rxc6 36. Raxc6 Rxc6 37. Rxc6 Qe8 38. Rxg6+ fxg6 39. Qxd5+ Be6 40. Qa5 Qc6 41. Qxa7 Qc1+ 42. Nf1 Bh3 43. Qa1 Qc6 44. Ne3 Be6 45. Qb1 Kf7 46. g4 Bc8 47. f5 Bb7 48. Kf2 Bh6 49. e6+ Ke8 50. Qd3 Bg5 51. fxg6 Bh4+ 0-1

[Event "New Delhi Parsvnath blitz op 18th"]
[Site "New Delhi"]
[Date "2020.01.14"]
[Round "7"]
[White "Avinash, Ramesh"]
[Black "Silva, Kevin Ranidu"]
[Result "1-0"]
[WhiteElo "1934"]
[BlackElo "1854"]
[PlyCount "85"]
[EventDate "2020.01.14"]
[EventType "swiss (blitz)"]
[EventRounds "9"]
[EventCountry "IND"]
[SourceTitle "CBM 194 Extra"]
[Source "ChessBase"]
[SourceDate "2020.03.31"]
[SourceVersion "1"]
[SourceVersionDate "2020.03.31"]
[SourceQuality "1"]

1. e4 c5 2. Nf3 Nc6 3. d4 cxd4 4. Nxd4 Nf6 5. Nc3 e6 6. Ndb5 d6 7. Bf4 e5 8. Bg5 a6 9. Na3 b5 10. Nd5 Be7 11. Bxf6 Bxf6 12. c3 Bg5 13. Nc2 0-0 14. Be2 Be6 15. Nce3 Rb8 16. 0-0 Ne7 17. Nxe7+ Qxe7 18. Nd5 Qd7 19. Qd3 f5 20. Bf3 f4 21. Rfd1 Rfd8 22. Be2 Qf7 23. Nb4 Bc4 24. Qc2 Be6 25. Nc6 Rbc8 26. Nxd8 Rxd8 27. a4 Bb3 28. Qd2 Bxd1 29. Qxd1 bxa4 30. Qxa4 Qg6 31. Qxa6 Rf8 32. Bf3 Bf6 33. Rd1 Be7 34. Qb7 Qf6 35. b4 g5 36. Qd5+ Kh8 37. h3 Qg6 38. Ra1 h5 39. Ra7 Rf7 40. Qa8+ Kg7 41. Qe8 Qf6 42. Bxh5 Rf8 43. Qxe7+ 1-0